الولاية الوصاية الطلاق : (رقم التسجيلة. 104144)

تفاصيل مارك
000 -الفاتح
عناصر البيانات ثابتة الطول 00755cam a2200205 i 4500
005 - تاريخ ووقت آخر معاملة
حقل ضبط 20251214085758.0
008 - عناصر البيانات ثابتة الطول
عناصر البيانات ثابتة الطول 250721s1992 le gr 000 0 ara d
082 14 - رقم تصنيف ديوي العشري
رقم التصنيف 216.5
رقم المادة ح ص ر
100 1# - مدخل رئيسي – اسم شخصي
الاسم الشخصي الحصري، أحمد
علاقة الشخص بالعمل/ دوره مؤلف.
245 12 - بيان العنوان
العنوان الولاية الوصاية الطلاق :
بقية العنوان في الفقه الإسلامي للأحوال الشخصية /
بيان المسؤولية الدكتور احمد الحصري.
250 ## - بيان الطبعة
بيان الطبعة الطبعه الثانيه.
264 31 - بيانات النشر، التوزيع…إلخ
مكان النشر، التوزيع...إلخ بيروت :
اسم الناشر، الموزع...إلخ دار الجيل،
تاريخ النشر، التوزيع...إلخ 1992.
300 ## - الوصف المادي
عدد الوحدات المكونة للوعاء 742صفحة.
650 17 - مدخل إضافي بالموضوع - مصطلح موضوعي
مصطلح موضوعي أو اسم جغرافي كعنصر مدخل الفقه الأسلامي.
650 17 - مدخل إضافي بالموضوع - مصطلح موضوعي
مصطلح موضوعي أو اسم جغرافي كعنصر مدخل قانون الأحوال الشخصية.
650 17 - مدخل إضافي بالموضوع - مصطلح موضوعي
مصطلح موضوعي أو اسم جغرافي كعنصر مدخل الوصاية.
650 17 - مدخل إضافي بالموضوع - مصطلح موضوعي
مصطلح موضوعي أو اسم جغرافي كعنصر مدخل الطلاق.
942 ## - بيانات إضافية (كوها)
نوع التنصيف Dewey Decimal Classification
نوع المادة (كوها) كتب
المقتنيات
حالة السحب حالة الفقدان مصدر التصنيف حالة التلف غير قابل للإعارة المكتبة الرئيسية المكتبة الحالية موقع الرف تاريخ التزويد الرقم المتسلسل Total Checkouts رقم الإستدعاء الباركود تاريخ آخر ظهور تاريخ الفاتورة نوع المادة (كوها) العملة
    Dewey Decimal Classification     المكتبة المركزية المكتبة المركزية الإعارة 28/07/2025 849513   216.5/حصر 849513 28/07/2025 28/07/2025 كتب  
    Dewey Decimal Classification     المكتبة المركزية المكتبة المركزية الإعارة 14/12/2025 849513   216.5 / ح ص ر PLD849513 14/12/2025 14/12/2025 كتب JOD
Implemented & Customized by: BBB with SCIT (Smart Chains for Information Technology)

Powered by Koha